|
|
|
|
| LEADER |
00000nam0a2200000 4500 |
| 001 |
81278 |
| 005 |
20231031095110.0 |
| 020 |
|
|
|a RU
|b 84-57312
|
| 035 |
|
|
|a (RuTPU)RU\TPU\book\87378
|
| 090 |
|
|
|a 81278
|
| 100 |
|
|
|a 20050919d1984 m a0rusy5003 ca
|
| 101 |
0 |
|
|a rus
|
| 102 |
|
|
|a RU
|
| 105 |
|
|
|a a z 000zy
|
| 200 |
1 |
|
|a Формирование микроструктуры и свойств ферритов в процессе рекристаллизации
|f С. С. Горелик, Э. А. Бабич, Л. М. Летюк
|
| 210 |
|
|
|a Москва
|c Металлургия
|d 1984
|
| 215 |
|
|
|a 110 с.
|c ил.
|d 21 см
|
| 610 |
1 |
|
|a ферриты
|
| 610 |
1 |
|
|a рекристаллизация
|
| 675 |
|
|
|a 621.318.13.002
|z rus
|
| 700 |
|
1 |
|a Горелик
|b С. С.
|g Семен Самуилович
|4 070
|
| 702 |
|
1 |
|a Бабич
|b Э. А.
|g Эдуард Алексеевич
|4 070
|
| 702 |
|
1 |
|a Летюк
|b Л. М.
|g Леонид Михайлович
|4 070
|
| 801 |
|
0 |
|a RU
|b RuMRKP
|c 19950704
|g psbo
|
| 801 |
|
1 |
|a RU
|b 63413507
|c 20050919
|g PSBO
|
| 801 |
|
2 |
|a RU
|b 63413507
|c 20060118
|g PSBO
|
| 942 |
|
|
|c BK
|